Gilbert and Sullivan Characters - Statistics

General Stats
  • This quiz has been taken 25 times
  • The average score is 59 of 134
Answer Stats
Operetta Voice Role % Correct
PP Tenor Frederic
91%
TS Comic Baritone John Wellington Wells
91%
Mik Comic Baritone Ko-Ko
91%
PP Contralto Ruth
91%
Mik Bass The Mikado of Japan
91%
PP Bass-Baritone The Pirate King
91%
Mik Contralto Katisha
82%
PP Soprano Mabel
82%
PP Comic Baritone Major-General Stanley
82%
HMS Contralto Mrs. Cripps
82%
Mik Tenor Nanki-Poo
82%
TBJ Tenor The Defendant
82%
TBJ Comic Baritone The Learned Judge
82%
Io Mezzo-Soprano Iolanthe
73%
Rudd Mezzo-Soprano Mad Margaret
73%
Pa Soprano Patience
73%
Ida Soprano Princess Ida
73%
Mik Soprano Yum-Yum
73%
Io Soprano Celia
64%
Pa Baritone Major Murgatroyd
64%
Io Soprano Phyllis
64%
Mik Baritone Pish-Tush
64%
Mik Mezzo-Soprano Pitti-Sing
64%
Mik Baritone Pooh-Bah
64%
Rudd Soprano Rose Maybud
64%
Rudd Bass-Baritone Sir Roderic Murgatroyd
64%
Rudd Comic Baritone Sir Ruthven Murgatroyd
64%
Io Baritone Strephon
64%
Io Comic Baritone The Lord Chancellor
64%
TBJ Soprano The Plaintiff
64%
Io Tenor Thomas, Earl Tolloller
64%
TBJ Bass-Baritone Usher
64%
Pa Lyric Baritone Archibald Grosvenor
55%
PP Mezzo-Soprano Edith
55%
YotG Comic Baritone Jack Point
55%
HMS Soprano Josephine
55%
Io Mezzo-Soprano Leila
55%
Rudd Bass Old Adam Goodheart
55%
Mik Mezzo-Soprano Peep-Bo
55%
YotG Mezzo-Soprano Phœbe Meryll
55%
Io Bass Private Willis
55%
Io Contralto Queen of the Fairies
55%
Pa Comic Baritone Reginald Bunthorne
55%
Pa Contralto The Lady Jane
55%
Pa Mezzo-Soprano The Lady Saphir
55%
HMS Comic Baritone The Rt. Hon. Sir Joseph Porter, KCB
55%
HMS Lyric Baritone Captain Corcoran
45%
UL Bass Captain Sir Edward Corcoran
45%
TG Soprano Casilda
45%
Pa Bass-Baritone Colonel Calverley
45%
TBJ Lyric Baritone Counsel for the Plaintiff
45%
HMS Mezzo-Soprano Cousin Hebe
45%
Rudd Contralto Dame Hannah
45%
TG Bass-Baritone Don Alhambra del Bolero
45%
YotG Soprano Elsie Maynard
45%
Io Baritone George, Earl of Mountararat
45%
TG Soprano Gianetta
45%
TG Baritone Giuseppe Palmieri
45%
TG Contralto Inez
45%
PP Mezzo-Soprano Kate
45%
YotG Soprano Kate
45%
Ida Comic Baritone King Gama
45%
Ida Soprano Lady Psyche
45%
TG Lyric Baritone Luiz
45%
TG Tenor Marco Palmieri
45%
HMS Tenor Ralph Rackstraw
45%
Rudd Tenor Richard Dauntless
45%
PP Bass Sergeant of the Police
45%
TG Mezzo-Soprano Tessa
45%
TG Contralto The Duchess of Plaza-Toro
45%
TG Comic Baritone The Duke of Plaza-Toro
45%
Pa Mezzo-Soprano The Lady Angela
45%
TS Tenor Alexis
36%
TG Baritone Antonio
36%
YotG Tenor Colonel Fairfax
36%
YotG Contralto Dame Carruthers
36%
TBJ Bass Foreman of the Jury
36%
YotG Tenor Leonard Meryll
36%
Pa Tenor Lieut. The Duke of Dunstable
36%
TGD Mezzo Sprano Lisa
36%
TGD Baritone Ludwig
36%
TGD Comic Baritone Rudolph
36%
PP Baritone Samuel
36%
YotG Bass-Baritone Sergeant Meryll
36%
Rudd Bass-Baritone Sir Despard Murgatroyd
36%
Pa Soprano The Lady Ella
36%
TGD Baritone The Prince of Monte Carlo
36%
YotG Bass-Baritone Wilfred Shadbolt
36%
Rudd Soprano Zorah
36%
Ida Bass-Baritone Arac
27%
UL Tenor Captain Fitzbattleaxe
27%
Ida Tenor Cyril
27%
TS Lyric Baritone Dr Daly
27%
TG Soprano Fiametta
27%
YotG Tenor First Yeoman
27%
Ida Lyric Baritone Florian
27%
TG Bass Giorgio
27%
TG Mezzo-Soprano Giulia
27%
Ida Bass-Baritone Guron
27%
Ida Tenor Hilarion
27%
Ida Bass-Bariton King Hildebrand
27%
Ida Contralto Lady Blanche
27%
Ida Mezzo-Soprano Melissa
27%
TS Bass Notary
27%
Ida Bass-Baritone Scynthius
27%
YotG Baritone Second Yeoman
27%
YotG Baritone Sir Richard Cholmondeley
27%
TGD Soprano The Princess of Monte Carlo
27%
TS Soprano Aline
18%
HMS Bass-Baritone Bill Bobstay
18%
TS Soprano Constance
18%
TGD High Baritone Dr. Tannhäuser
18%
TGD Tenor Ernest Dummkopf
18%
TG Tenor Francesco
18%
TGD Baritone Herald
18%
TGD Soprano Julia Jellicoe
18%
UL Baritone King Paramount the First
18%
TS Contralto Lady Sangazure
18%
TS Contralto Mrs Partlet
18%
UL Comic Baritone Phantis
18%
Ida Soprano Sacharissa
18%
UL Comic Baritone Scaphio
18%
TS Bass-Baritone Sir Marmaduke Pointdextre
18%
UL Comic Baritone Tarara
18%
UL Soprano The Princess Zara
18%
TG Mezzo-Soprano Vittoria
18%
HMS Bass Bob Becket
9%
UL High Baritone Lord Dramaleigh
9%
UL Baritone Mr. Blushington
9%
UL Baritone Mr. Goldbury
9%
UL Tenor Sir Bailey Barre, Q.C.
9%
TGD Contralto The Baroness von Krakenfeldt
9%
UL Contralto The Lady Sophy
9%
UL Mezzo-Soprano The Princess Nekaya
9%
No matching quizzes found
Score Distribution
Percent of People with Each Score
Percentile by Number Answered
Your Score History
You have not taken this quiz